Exotische Früchte - Statistiken

Allgemein
  • Dieses Quiz wurde 1.728 mal gespielt
    300 seit der letzten Aktualisierung
  • Das Durchschnittsergebnis liegt bei 8 aus 16
Antwortstatistiken
Bildquiz Antwort % Korrekt
Drachenfrucht
94%
Dattel
93%
Sternfrucht
89%
Granatapfel
88%
Litschi
76%
Papaya
74%
Kaki
72%
Passionsfrucht
63%
Kaktusfeige
35%
Maracuja
34%
Jackfruit
26%
Rambutan
25%
Mangostan
22%
Kiwano
8%
Acerola
6%
Langsat
3%
Keine übereinstimmenden Quizze gefunden
Verteilung der Resultate
Anzahl Personen mit jedem Resultat
Perzentil nach korrekt beantworteten Fragen
Ihre Resultats-Entwicklung
Sie haben dieses Quiz seit der letzten Aktualisierung nicht gespielt